| 000 | 00589nam a2200205 a 4500 | ||
|---|---|---|---|
| 001 | 17415 | ||
| 005 | 20180713210542.0 | ||
| 008 | 140415s1990 mx 000 0 spa d | ||
| 020 | _a9683611796 | ||
| 041 | _aspa | ||
| 082 |
_a930.1 _bDIA |
||
| 100 | 1 | _aDIAZ Y DE OVANDO, CLEMENTINA | |
| 245 | 1 | 0 | _aMEMORIA DE UN DEBATE (1880) LA POSTURADE MEXICO FRENTE AL PATRIMONIO ARQUEOLOGICO NACIONAL |
| 250 | _a1a ed. | ||
| 260 |
_aMEXICO : _bUNAM, _c1990 |
||
| 300 | _a97 | ||
| 490 |
_aDIVULGACION _v3 |
||
| 500 | _a(COLEC. DUVULGACION; 3) | ||
| 650 | 1 | 4 |
_aARQUEOLOGIA _xMEXICO |
| 999 |
_c17415 _d17415 |
||